Romania or Moldova? - Statistics

General Stats
  • This quiz has been taken 493 times
  • The average score is 9 of 10
Answer Stats
Question Answer % Correct
Covers more land area Romania
100%
Has the colors blue, yellow and red on the flag Both
99%
Has a higher elevation Romania
96%
Is Landlocked Moldova
91%
Whose capital has more letters Romania
90%
Is in the European Union Romania
88%
Was part of the Soviet Union Moldova
81%
Has a currency called Leu Both
77%
Has the Easternmost Easternmost point Moldova
70%
Has the Northernmost Northernmost point Moldova
64%
No matching quizzes found
Score Distribution
Percent of People with Each Score
Percentile by Number Answered
Your Score History
You have not taken this quiz